| 000 | 00879nam a22002297a 4500 | ||
|---|---|---|---|
| 999 |
_c14022 _d14022 |
||
| 003 | AR-CdUCM | ||
| 008 | 190417b ||||| |||| 00| 0 spa d | ||
| 040 |
_aMUNICIPALIDAD PROVINCIAL DEL CUSCO _cBIBLIOTECA MUNICIPAL DEL CUSCO |
||
| 082 |
_a616.89 / _bP88 |
||
| 100 |
_aPéndola Febres, Alberto _932685 |
||
| 245 | _aRevista del centro de psicoterapia psicoanalítica de Lima / | ||
| 260 |
_aLima : _bMonterrico, _c1988. |
||
| 300 |
_a139 páginas ; _bIlustraciones, _c24 cm. |
||
| 505 | _aContenido: Aplicaciones de la teoría a la formación y a la clínica -- Psicosis -- Técnica -- Comunidad terapéutica. | ||
| 650 |
_aPsicoanálisis _916757 |
||
| 650 |
_aPsicología _91538 |
||
| 650 |
_aPublicaciones periódicas _932056 |
||
| 650 |
_aPerú _935 |
||
| 710 |
_aCentro de Psicoterapia Psicoanalítica de Lima _932686 |
||
| 942 |
_2ddc _cLIBROS |
||
| 945 |
_aacv _d2019-04-17 |
||